000 00310nam a22001457a 4500
003 SGT
020 _a9789389354621
082 _a628.5
_bRAO
100 _aRAO M.N
245 _aSOLID AND HAZARDOUS WASTE MANAGEMENT
250 _a2ND
260 _aINDIA
_bB.S PUB
_c2023
300 _a347
942 _2ddc
_cBK
999 _c34495
_d34495